| 000 -CABECERA |
| fixed length control field |
00916nam a22002297a 4500 |
| 003 - IDENTIFICADOR DEL NÚMERO DE CONTROL |
| control field |
AR-CdUCM |
| 008 - DATOS DE LONGITUD FIJA--INFORMACIÓN GENERAL |
| fixed length control field |
190322b ||||| |||| 00| 0 spa d |
| 040 ## - FUENTE DE LA CATALOGACIÓN |
| Agencia/entidad que catalogó originalmente la obra |
MUNICIPALIDAD PROVINCIAL DEL CUSCO |
| Entidad que transcribió la catalogación |
BIBLIOTECA MUNICIPAL DEL CUSCO |
| 082 ## - NÚMERO DE LA CLASIFICACIÓN DECIMAL DEWEY |
| No. de Clasificación |
630.385 / |
| Notacion interna |
R62 |
| 100 ## - ENTRADA PRINCIPAL--NOMBRE DE PERSONA |
| Nombre Personal |
Rivero Luque, Victor |
| 245 ## - MENCIÓN DE TÍTULO |
| Título |
La chakitaqlla en el mundo andino / |
| 260 ## - PUBLICACIÓN, DISTRIBUCIÓN, ETC. |
| Lugar de publicación, distribución, etc. |
Cusco : |
| Nombre de la editorial, distribuidor, etc. |
Gráfica bellido, |
| Fecha de publicación, distribución, etc. |
1987. |
| 300 ## - DESCRIPCIÓN FÍSICA |
| Nº de Páginas Extensión |
140 paginas ; |
| Otros detalles físicos |
Ilustraciones, |
| Dimensiones |
20 cm. |
| 505 ## - NOTA DE CONTENIDO CON FORMATO |
| Nota de contenido formateada |
Contenido : Origen de la chakitaqlla y cosmo-visión andina -- Construcción de la chakitaqlla -- Trabajo con la chakitaqlla -- Labranza con la chakitaqlla -- Clasificación y descripción de las chakitaqllas. |
| 650 ## - PUNTO DE ACCESO ADICIONAL DE MATERIA--TÉRMINO DE MATERIA |
| Descriptor |
chakitaqlla |
| 9 (RLIN) |
22613 |
| 650 ## - PUNTO DE ACCESO ADICIONAL DE MATERIA--TÉRMINO DE MATERIA |
| Descriptor |
Cosmo visión andina |
| 9 (RLIN) |
22614 |
| 650 ## - PUNTO DE ACCESO ADICIONAL DE MATERIA--TÉRMINO DE MATERIA |
| Descriptor |
Herramientas andina |
| 9 (RLIN) |
22615 |
| 650 ## - PUNTO DE ACCESO ADICIONAL DE MATERIA--TÉRMINO DE MATERIA |
| Descriptor |
Tecnología andina |
| 9 (RLIN) |
10426 |
| 710 ## - PUNTO DE ACCESO ADICIONAL--NOMBRE DE ENTIDAD CORPORATIVA |
| Nombre corporativo (En letras Mayúsculas) |
CORDE Cusco |
| 9 (RLIN) |
22616 |
| 942 ## - ELEMENTOS DE PUNTO DE ACCESO ADICIONAL (KOHA) |
| Fuente de clasificación |
|
| Tipo de item |
Libros-BMC |
| 945 ## - PROCESAMIENTO DE INFORMACIÓN LOCAL (OCLC) |
| Catalogador |
wnts |